000
00321nam a2200133Ia 4500
005
20260328101508.0
008
260328s9999||||xx |||||||||||||| ||und||
100
_a
Kunstwerk, Das
245
0
_a
Moderne Architektur /
_c
Das Kunstwerk
260
_b
Woldemar Klein
300
_a
94 p.
650
_a
ARQUITECTURA
942
_c
BK
999
_c
9110
_d
9110